000 00759nam a2200229 i 4500
001 bg
100 1 _aTOPCZEWSKA, Teresa.
245 1 0 _aGospodarka przestrzenna w gminach 1991-1993 /
_cTeresa Topczewska ; Instytut Gospodarki Przestrzennej i Komunalnej.
260 _aWarszawa :
_bIGPiK,
_c1994.
300 _a76 s. :
_b1 mapa ;
_c24 cm.
504 _aBibliogr. s. 74-76.
650 9 _aPlanowanie przestrzenne
_zPolska
_yod 1989 r.
650 9 _aGospodarka terenowa
_zPolska
_yod 1989 r.
710 0 _aInstytut Gospodarki Przestrzennej i Komunalnej (Warszawa)
020 _a8386309032
040 _cBPK
041 0 _apl
080 _a711.2:332.1](438)"1989/..."
920 _a83-86309-03-2
942 _cKS
008 s pl f |000 0 pol
999 _c34153
_d34153
856 _uhttp://koha.tu.koszalin.pl/cgi-bin/koha/opac-detail.pl?biblionumber=34153
_yKatalog online BPK